| 000 | 00450nam a22001697a 4500 | ||
|---|---|---|---|
| 999 |
_c523748 _d523748 |
||
| 003 | NUST | ||
| 038 | _awaseem | ||
| 082 |
_a209 _bNAG |
||
| 100 |
_aNagi, Solat _914524 |
||
| 245 |
_aWahdani Mazaaib Ki Buniyad / _cSolat Nagi |
||
| 260 |
_aLahore : _bShah Printers, _c2010. |
||
| 300 | _a416 p. ; | ||
| 500 | _aHardcover. | ||
| 880 |
_6100-02\r _aصولت ناگی |
||
| 880 |
_6245-02\r _aوحدانی مذیہب کی بنیاد / |
||
| 942 |
_2ddc _cBK |
||